000
00261nam a22001217a 4500
008
170601b xxu||||| |||| 00| 0 eng d
041
_a
eng
080
_a
94(3)
100
_a
17
101
_a
SHH
245
_a
ANCIENT HISTORY
_c
ROBINSON, CH.A
942
_2
udc
_c
BK
999
_c
15391
_d
15391